000 00460pab a2200157 454500
008 180718b2005 xxu||||| |||| 00| 0 eng d
100 _aReyes, Guillermo De Los
245 _aPolicymaking and the control of the nongovernmental sector: porfirio Diaz and the Grand Diet
260 _c2005
300 _ap.721-25.
362 _aSep
650 _aNongovernmental organizations
700 _aRich, Paul
773 _aReview of Policy Research
909 _a67710
999 _c67710
_d67710